Teorie lidského kapitálu v kontextu návratnosti soukromé a veřejné investice do terciálního vzdělávání
Teoretické a metodologické východiská pre danú tému. Vysvetlenie pojmu ľudský kapitál ako individuálny investičný statok. Možnosti výpočtu návratnosti investícií do terciárneho vzdelávania u mužov a žien.
Salvato in:
| Autore principale: | |
|---|---|
| Natura: | Capitolo di libro |
| Lingua: | ceco |
| Soggetti: | |
| Tags: |
Nessun Tag, puoi essere il primo ad aggiungerne!!
|
MARC
| LEADER | 00000nla a2200000 4500 | ||
|---|---|---|---|
| 001 | 0230352 | ||
| 005 | 20240417075117.8 | ||
| 041 | 0 | |a cze | |
| 044 | |a CZ | ||
| 245 | 1 | 0 | |a Teorie lidského kapitálu v kontextu návratnosti soukromé a veřejné investice do terciálního vzdělávání |c Petra Jílková |
| 520 | |a Teoretické a metodologické východiská pre danú tému. Vysvetlenie pojmu ľudský kapitál ako individuálny investičný statok. Možnosti výpočtu návratnosti investícií do terciárneho vzdelávania u mužov a žien. | ||
| 610 | 2 | 0 | |a kapitál ľudský |
| 610 | 2 | 0 | |a vzdelávanie terciárne |
| 610 | 2 | 0 | |a manažment personálny |
| 610 | 2 | 0 | |a návratnosť investícií |
| 100 | 1 | |a Jílková, Petra | |